Návrh důchodového systému - ekonomické aspekty
Prednáška z konferencia ČAP k reforme dôchodkového systému v ČR, konanej v Prahe v dňoch 21.- 22. sept. 1999. V prednáške ide o niektoré všeobecné súvislosti dôchodkovej reformy v ČR a o jej problémy v zornom uhle fungovania verejných financií.
Gespeichert in:
| 1. Verfasser: | |
|---|---|
| Format: | Buchkapitel |
| Sprache: | Tschechisch |
| Schlagworte: | |
| Tags: |
Keine Tags, Fügen Sie das erste Tag hinzu!
|
MARC
| LEADER | 00000naa a2200000 4500 | ||
|---|---|---|---|
| 001 | r038413 | ||
| 005 | 20230922095535.5 | ||
| 041 | 0 | |a cze | |
| 044 | |a CZ | ||
| 245 | 1 | 0 | |a Návrh důchodového systému - ekonomické aspekty |c Jarmila Fuchsová |
| 520 | |a Prednáška z konferencia ČAP k reforme dôchodkového systému v ČR, konanej v Prahe v dňoch 21.- 22. sept. 1999. V prednáške ide o niektoré všeobecné súvislosti dôchodkovej reformy v ČR a o jej problémy v zornom uhle fungovania verejných financií. | ||
| 610 | 2 | 0 | |a systémy sociálne |
| 610 | 2 | 0 | |a zabezpečenie dôchodkové |
| 610 | 2 | 0 | |a reformy |
| 610 | 2 | 0 | |a poistenie dôchodkové |
| 610 | 2 | 0 | |a poistenie sociálne |
| 100 | 1 | |a Fuchsová, Jarmila | |